Isolation of pesticide degrading bacterial consortium and its application for industrial wastewater treatment/ (Record no. 525854)
[ view plain ]
| 000 -LEADER | |
|---|---|
| fixed length control field | 00802nam a22002297a 4500 |
| 003 - CONTROL NUMBER IDENTIFIER | |
| control field | NUST |
| 005 - DATE AND TIME OF LATEST TRANSACTION | |
| control field | 20240626163110.0 |
| 008 - FIXED-LENGTH DATA ELEMENTS--GENERAL INFORMATION | |
| fixed length control field | 190705b ||||| |||| 00| 0 eng d |
| 038 ## - RECORD CONTENT LICENSOR | |
| Staff Name | IESE |
| 040 ## - CATALOGING SOURCE | |
| Transcribing agency | 0 |
| 082 ## - DEWEY DECIMAL CLASSIFICATION NUMBER | |
| Classification number | 200 |
| 100 ## - MAIN ENTRY--PERSONAL NAME | |
| Personal name | Sidra Khalid |
| 9 (RLIN) | 16799 |
| 245 ## - TITLE STATEMENT | |
| Title | Isolation of pesticide degrading bacterial consortium and its application for industrial wastewater treatment/ |
| Statement of responsibility, etc. | Sidra Khalid |
| 260 ## - PUBLICATION, DISTRIBUTION, ETC. | |
| Place of publication, distribution, etc. | Islamabad |
| Name of publisher, distributor, etc. | IESE (SCEE) NUST |
| Date of publication, distribution, etc. | 2018 |
| 300 ## - PHYSICAL DESCRIPTION | |
| Extent | 129p. |
| Other physical details | H.B |
| 440 ## - SERIES STATEMENT/ADDED ENTRY--TITLE | |
| Title | |
| 9 (RLIN) | 123824 |
| 500 ## - GENERAL NOTE | |
| General note | |
| 650 ## - SUBJECT ADDED ENTRY--TOPICAL TERM | |
| Topical term or geographic name entry element | PhD-Environmental Science |
| 9 (RLIN) | 123825 |
| 700 ## - ADDED ENTRY--PERSONAL NAME | |
| Relator code | Supervisor:Dr. Imran Hashmi |
| 856 ## - ELECTRONIC LOCATION AND ACCESS | |
| Uniform Resource Identifier | <a href="http://10.250.8.41:8080/xmlui/handle/123456789/34715">http://10.250.8.41:8080/xmlui/handle/123456789/34715</a> |
| 942 ## - ADDED ENTRY ELEMENTS (KOHA) | |
| Source of classification or shelving scheme | |
| Koha item type | Soft Copy |
| Withdrawn status | Lost status | Source of classification or shelving scheme | Damaged status | Not for loan | Permanent Location | Current Location | Shelving location | Date acquired | Total Checkouts | Full call number | Barcode | Date last seen | Price effective from | Koha item type |
|---|---|---|---|---|---|---|---|---|---|---|---|---|---|---|
| Central Library (CL) | Central Library (CL) | Thesis | 06/26/2024 | 200 | CLPT-416 | 06/26/2024 | 06/26/2024 | Soft Copy | ||||||
| Not For Loan | Institute of Environmental Science and Engineering (IESE) | Institute of Environmental Science and Engineering (IESE) | Thesis | 07/05/2019 | 363.7 KHA | IESE-T-595 | 07/05/2019 | 07/05/2019 | Thesis |
